| 000 | 01195nam a2200277 a 4500 | ||
|---|---|---|---|
| 003 | OSt | ||
| 005 | 20241125130200.0 | ||
| 007 | cr ||||||a|c|a | ||
| 008 | 240423s2022 mx a|||fom||| 001 0 spa d | ||
| 040 | _erda | ||
| 100 | 1 |
_9188994 _aRamírez Santillan, Julissa |
|
| 245 | 1 | 0 |
_aCombate químico del gusano soldado (Spodoptera exigua) en el cultivo del pepino cv thunderbird / _cpor Julissa Ramírez Santillán ; director de tesis Náhum Marbán Mendoza. |
| 264 | 1 |
_aChapingo, México : _bEl autor, _c2022. |
|
| 300 |
_a1 recurso en línea (62 páginas): _bcuadros, figuras. |
||
| 336 |
_2rdacontent _atexto _btxt |
||
| 337 |
_2rdamedia _acomputadora _bc |
||
| 338 |
_2rdacarrier _arecurso en línea _bcr |
||
| 502 |
_bIAEPA _cParasitología _d2022. _gLIC |
||
| 504 | _aIncluye referencias bibliográficas: páginas 24-31,48-51. | ||
| 650 | 4 |
_9188640 _aSpodoptera exigua _xControl |
|
| 650 | 4 |
_986922 _aPepino _xPlagas _xControl |
|
| 650 | 4 |
_986928 _aPepino _xRendimiento |
|
| 700 | 0 |
_971246 _aMarbán Mendoza, Náhum _eDirector de tesis. |
|
| 856 |
_uhttp://10.13.5.2/tesis/tl/1412052-1_RAMIREZ_SANTILLAN_JULISSA.pdf _zDESCARGAR PDF |
||
| 942 |
_2Clasificación Universidad Autónoma Chapingo _cTD |
||
| 999 |
_c219875 _d219875 |
||